00242nam a22000977a 4500008004100000041000800041080001000049100000600059101001200065245006700077181127b xxu||||| |||| 00| 0 eng d aeng a043.3 a0 aBTH-MBE aBarrierat e investimeve te huaja direkte ne KosovecLatifaj, G